Toward replacement parts for the brain :implantable biomimetic electronics as neural prostheses (Record no. 11409)

000 -LEADER
fixed length control field 00756cam a22002174a 4500
020 ## - INTERNATIONAL STANDARD BOOK NUMBER
International Standard Book Number 9780262025775
040 ## - CATALOGING SOURCE
Original cataloging agency DLC
Transcribing agency DLC
Modifying agency DLC
082 00 - DEWEY DECIMAL CLASSIFICATION NUMBER
Classification number 612.82011
Edition number 22
245 00 - TITLE STATEMENT
Title Toward replacement parts for the brain :implantable biomimetic electronics as neural prostheses
Statement of responsibility, etc. Theodore W. Berger and Dennis L. Glanzman.
260 ## - PUBLICATION, DISTRIBUTION, ETC.
Place of publication, distribution, etc. Cambridge, Mass. :
Name of publisher, distributor, etc. MIT Press,
Date of publication, distribution, etc. c2005.
300 ## - PHYSICAL DESCRIPTION
Extent ix, 405 p. :
Other physical details ill. ;
Dimensions 24 cm.
504 ## - BIBLIOGRAPHY, ETC. NOTE
Bibliography, etc. note Includes bibliographical references and index.
650 #0 - SUBJECT ADDED ENTRY--TOPICAL TERM
Topical term or geographic name entry element Neural circuitry.
650 #0 - SUBJECT ADDED ENTRY--TOPICAL TERM
Topical term or geographic name entry element Neural networks (Neurobiology)
650 #0 - SUBJECT ADDED ENTRY--TOPICAL TERM
Topical term or geographic name entry element Brain
General subdivision Computer simulation.
650 #0 - SUBJECT ADDED ENTRY--TOPICAL TERM
Topical term or geographic name entry element Biomimetics.
650 #0 - SUBJECT ADDED ENTRY--TOPICAL TERM
Topical term or geographic name entry element Computational neuroscience.
700 1# - ADDED ENTRY--PERSONAL NAME
Personal name Berger, Theodore W.
700 1# - ADDED ENTRY--PERSONAL NAME
Personal name Glanzman, Dennis.
942 ## - ADDED ENTRY ELEMENTS (KOHA)
Source of classification or shelving scheme
Koha item type Book
Holdings
Withdrawn status Lost status Damaged status Not for loan Collection code Permanent Location Current Location Shelving location Date acquired Source of acquisition Cost, normal purchase price Total Checkouts Full call number Barcode Date last seen Price effective from Koha item type
          Central Library (CL) Central Library (CL) General Stacks 11/12/2012 Eagle Information Marketing 4732.15   612.82011 SEECS011632 12/19/2012 01/05/2017 Book
© 2023 Central Library, National University of Sciences and Technology. All Rights Reserved.